LEADER 01031nam a2200241 u 4500 001 000000050642 003 CaOOAMICUS 005 20070226115240.0 008 000823s1983 enk u000 u eng u 035 $a10853930 040 $aPUL(R)$bita 100 1 $aBarr, James,$d1924-$0(OLS)http://pul/name/24516 245 10$aComparative philology and the text of the old testament /$cJames Barr. 260 $aOxford :$bOxford University Press,$c1983. 300 $a354 p. ;$c21 cm 630 04$aBiblia$xRelazioni con l'Antico Testamento.$0(OLS)http://pul/subject/21319 650 4$aFilologia ebraica.$0(OLS)http://pul/subject/21320 850 $aPUL 852 $aPUL$W1$xDP1 Fondo Ciprotti$y59$m1534 F 3$j67141$nBK-PRI$b $qFondi$B67141$CPULBib$Z2$F67141 $H $81 941 1 $a1 961 $aINV: 0690. Fondo Ciprotti 996 $6245$aComparative philology and the text of the old testament$9(OLS)http://pul/title/68153 996 $6260$aOxford :$bOxford University Press$9(OLS)http://pul/publisher/48013 LEADER 01649nam a2200325 a 4500 001 000000132750 003 CaOOAMICUS 005 20130208132411.0 008 130208s2007 it u000 u ita r 020 $a88-213-0661-5 040 $aPUL$bita 100 1 $aValentini, Donato.$0(OLS)http://pul/name/15660 245 10$aIdentità e storicità della Chiesa :$bsaggi teologici sulla Chiesa locale, il ministero petrino del Papa e l'ecumenismo /$cDonato Valentini ; a cura di Aimable Musoni ; presentazione di S.Em. il Card. Walter Kasper. 260 $aRoma :$bLAS,$c©2007. 300 $a384 p. ;$c24 cm. 490 1 $aNuova biblioteca di scienze religiose ;$v08 504 $aBibliografia in nota. 650 4$aEcumenismo$xStudi.$0(OLS)http://pul/subject/18574 650 4$aEcclesiologia$ySec. XXI.$0(OLS)http://pul/subject/27594 700 1 $aMusoni, Aimable.$0(OLS)http://pul/name/73796 700 1 $aKasper, Walter,$ccardinale,$d1933-$0(OLS)http://pul/name/6391 830 0$aNuova biblioteca di scienze religiose ;$v08.$0(OLS)http://pul/title/135290 850 $aPUL 852 $aPUL$W1$xSL Religione 2$y84$mTheol A3 200.8$j152689$qStampati Altre Collocazioni$B152113$CPULBib$Z2$F152113 $H121633 $82 941 1 $a10 983 0$aBiblioteca di scienze religiose (Libreria Ateneo salesiano) 996 $6020$a88-213-0661-5$9(OLS)http://pul/number/151815 996 $6245$aIdentità e storicità della Chiesa :$bsaggi teologici sulla Chiesa locale, il ministero petrino del Papa e l'ecumenismo$9(OLS)http://pul/title/167727 996 $6260$aRoma :$bLAS$9(OLS)http://pul/publisher/48069